01358nam a22003257a 4500003000900000005001700009008004100026040004300067082002400110100004100134245008700175264005400262300003800316500003000354505048100384526001000865526001000875526001000885526001000895526000800905526000800913526000800921526000800929526000800937526000800945526000800953650002100961650002800982650002201010PE-LiUPU20260218111228.0230710b |||||||| |||| 00| 0 eng d aPE-LiUPUbspscPE-LiUPUdPE-LiUPUerda 223a231.7652bM876s aMorris, Henry M.d1918-2996.eautor. aStudies in the Bible and science :bor Christ and creation /cpor Henry M. Morris. aGrand Rapids, Michigan:bBaker Book House,c1966. a186 páginas.c22 centímetros. aNotas al pie de página. aReason and the christian hope -- The wonder of water -- Creation and deluge -- The power of the word -- The Genesis flood -- Evolution and christian thought today -- Water and the word -- The Bible and theistic evolution -- Spiritual overtones in engineering -- The spirit of compromise -- The Bible is a textbook of science -- The power of energy -- Noah's flood -- Seven reason for opposing evolution -- Science versus scientism in historical geology -- Christ in creation.  aSEG42 aSEG41 aSEG40 aSEG39 aP94 aP87 aP86 aP85 aP77 aP76 aP35 0aBiblia y Ciencia 0aCreación (Teología) 0aDiluvio universal